| 000 | 00360nam a2200145Ia 4500 | ||
|---|---|---|---|
| 008 | 240330s9999||||xx |||||||||||||| ||und|| | ||
| 020 | _a9789351611325 | ||
| 082 |
_a650 _bGUP/E |
||
| 100 | _aGupta, C.B. | ||
| 245 | 0 | _aEntrepreneurial Development | |
| 250 | _a1st Edition | ||
| 260 |
_aNew Delhi _bsultan chand & sons _c2022 |
||
| 300 | _aA.16p. | ||
| 942 | _cBK | ||
| 999 |
_c44191 _d44191 |
||